Fútbol francés : historias, gestas y protagonistas /

Na minha lista:
Detalhes bibliográficos
Autor principal: Cosín, Alberto (autor)
Outros Autores: Ornubia, Andrés (autor) (autor)
Formato: Livro
Idioma:espanhol
Publicado em: Buenos Aires, Argentina : Librofutbol.com, 2019, c2019
Assuntos:
Tags: Adicionar Tag
Sem tags, seja o primeiro a adicionar uma tag!

MARC

LEADER 00000nam^a2200000^a^4500
001 000416599
005 20250521000000.0
009 20260526144145.509
020 |a 978-987-3979-61-3 
037 |a Acervo ITESO - Biblioteca 
041 |a ESP 
082 |a 796. 3340944  |b COS 
100 |a Cosín, Alberto  |e (autor) 
245 1 0 |a Fútbol francés :  |b historias, gestas y protagonistas /  |c A. Cosín, A. Ornubia ; pról. de Axel Torres. 
264 4 |a Buenos Aires, Argentina :  |b Librofutbol.com,  |c 2019, c2019 
300 |a 233 p. 
336 |a texto  |b txt  |2 rdacontenido 
337 |a sin mediación  |b n  |2 rdamedio 
338 |a volumen  |b nc  |2 rdasoporte 
649 |a XX 
650 |a Entrenadores Deportivos Franceses 
650 |a Deportistas Franceses 
650 |a Equipos Deportivos -  |z Francia 
650 |a Mundial de Futbol -  |z Francia -  |x Historia 
650 |a Mundial de Futbol -  |x Historia 
650 |a Futbol -  |z Francia -  |x Historia -  |y Siglo XX -  |x Tema Principal 
650 |a Futbol -  |z Francia -  |x Historia -  |y Siglo XXI -  |x Tema Principal 
650 |a Futbol -  |z Francia -  |x Historia -  |x Tema Principal 
650 |a Futbol -  |x Historia -  |y Siglo XX 
650 |a Futbol -  |x Historia -  |y Siglo XXI 
650 |a Futbol -  |x Historia -  |x Tema Principal 
650 |a Campeonatos Deportivos -  |z Francia -  |x Historia -  |y Siglo XX 
650 |a Campeonatos Deportivos -  |z Francia -  |x Historia -  |y Siglo XXI 
650 |a Campeonatos Deportivos -  |x Historia -  |y Siglo XX 
650 |a Campeonatos Deportivos -  |x Historia -  |y Siglo XXI 
650 |a Deportes -  |z Francia -  |x Historia -  |y Siglo XX 
650 |a Deportes -  |z Francia -  |x Historia -  |y Siglo XXI 
650 |a Deportes -  |z Francia -  |x Historia 
650 |a Deportes -  |x Historia -  |y Siglo XX 
650 |a Deportes -  |x Historia -  |y Siglo XXI 
650 |a Deportes -  |x Historia 
650 |a Deportes 
700 |a Ornubia, Andrés  |e (autor) 
910 |a Fondo General 
920 |a Impresos - Libros 
930 |a Colección General 
905 |a 101 
901 |a 0500326351  |b IT1  |c ACC  |i C170516  |u 20250521 
902 |a https://opac.biblio.iteso.mx/vufind/Record/000416599